000 00391nam a2200145Ia 4500
008 210210b1971 xxu||||| |||| 00| 0 eng d
082 _a333.3 SALP
100 _aSALDANHA (C A).
245 _aProblem of urban ceilings in India a critical analysis.
260 _aMadras
_bNot Mentioned
_c1971
300 _a30
650 _aUrban land ceilings
690 _aLand Economics
906 _a029839
999 _c81039
_d81039